|
|
|
|
| LEADER |
02540nam a22004935i 4500 |
| 001 |
978-981-10-2543-3 |
| 003 |
DE-He213 |
| 005 |
20160926134318.0 |
| 007 |
cr nn 008mamaa |
| 008 |
160926s2017 si | s |||| 0|eng d |
| 020 |
|
|
|a 9789811025433
|9 978-981-10-2543-3
|
| 024 |
7 |
|
|a 10.1007/978-981-10-2543-3
|2 doi
|
| 040 |
|
|
|d GrThAP
|
| 050 |
|
4 |
|a HF5548.125-HF5548.6
|
| 072 |
|
7 |
|a KJQ
|2 bicssc
|
| 072 |
|
7 |
|a BUS070030
|2 bisacsh
|
| 082 |
0 |
4 |
|a 658.4038
|2 23
|
| 100 |
1 |
|
|a Olson, David L.
|e author.
|
| 245 |
1 |
0 |
|a Predictive Data Mining Models
|h [electronic resource] /
|c by David L. Olson, Desheng Wu.
|
| 264 |
|
1 |
|a Singapore :
|b Springer Singapore :
|b Imprint: Springer,
|c 2017.
|
| 300 |
|
|
|a XI, 102 p. 54 illus., 48 illus. in color.
|b online resource.
|
| 336 |
|
|
|a text
|b txt
|2 rdacontent
|
| 337 |
|
|
|a computer
|b c
|2 rdamedia
|
| 338 |
|
|
|a online resource
|b cr
|2 rdacarrier
|
| 347 |
|
|
|a text file
|b PDF
|2 rda
|
| 490 |
1 |
|
|a Computational Risk Management,
|x 2191-1436
|
| 505 |
0 |
|
|a Chapter 1 Knowledge Management -- Chapter 2 Data Sets -- Chapter 3 Basic Forecasting ToolsChapter 3 Basic Forecasting Tools -- Chapter 4 Multiple Regression -- Chapter 5 Regression Tree Models -- Chapter 6 Autoregressive Models -- Chapter 7 GARCH Models -- Chapter 8 Comparison of Models.
|
| 520 |
|
|
|a This book reviews forecasting data mining models, from basic tools for stable data through causal models, to more advanced models using trends and cycles. These models are demonstrated on the basis of business-related data, including stock indices, crude oil prices, and the price of gold. The book’s main approach is above all descriptive, seeking to explain how the methods concretely work; as such, it includes selected citations, but does not go into deep scholarly reference. The data sets and software reviewed were selected for their widespread availability to all readers with internet access.
|
| 650 |
|
0 |
|a Business.
|
| 650 |
|
0 |
|a Big data.
|
| 650 |
|
0 |
|a Risk management.
|
| 650 |
|
0 |
|a Data mining.
|
| 650 |
1 |
4 |
|a Business and Management.
|
| 650 |
2 |
4 |
|a Big Data/Analytics.
|
| 650 |
2 |
4 |
|a Data Mining and Knowledge Discovery.
|
| 650 |
2 |
4 |
|a Risk Management.
|
| 700 |
1 |
|
|a Wu, Desheng.
|e author.
|
| 710 |
2 |
|
|a SpringerLink (Online service)
|
| 773 |
0 |
|
|t Springer eBooks
|
| 776 |
0 |
8 |
|i Printed edition:
|z 9789811025426
|
| 830 |
|
0 |
|a Computational Risk Management,
|x 2191-1436
|
| 856 |
4 |
0 |
|u http://dx.doi.org/10.1007/978-981-10-2543-3
|z Full Text via HEAL-Link
|
| 912 |
|
|
|a ZDB-2-BUM
|
| 950 |
|
|
|a Business and Management (Springer-41169)
|